Economic theory of natural resources / (Record no. 2373)
[ view plain ]
| 000 -LEADER | |
|---|---|
| fixed length control field | 00621cam a2200193 4500 |
| 001 - CONTROL NUMBER | |
| control field | 2955 |
| 005 - DATE AND TIME OF LATEST TRANSACTION | |
| control field | 20181127170131.0 |
| 008 - FIXED-LENGTH DATA ELEMENTS--GENERAL INFORMATION | |
| fixed length control field | 740424s1974 ohua b 001 0 eng |
| 010 ## - LIBRARY OF CONGRESS CONTROL NUMBER | |
| LC control number | 72095935 |
| 020 ## - INTERNATIONAL STANDARD BOOK NUMBER | |
| International Standard Book Number | 067508895X |
| 100 1# - MAIN ENTRY--PERSONAL NAME | |
| Personal name | Herfindahl, Orris C. |
| Fuller form of name | (Orris Clemens), |
| Dates associated with a name | 1918- |
| 245 10 - TITLE STATEMENT | |
| Title | Economic theory of natural resources / |
| Statement of responsibility, etc. | Orris C. Herfindahl and Allen V. Kneese. |
| 260 ## - PUBLICATION, DISTRIBUTION, ETC. | |
| Place of publication, distribution, etc. | Columbus, OH : |
| Name of publisher, distributor, etc. | Merrill, |
| Date of publication, distribution, etc. | 1974. |
| 300 ## - PHYSICAL DESCRIPTION | |
| Extent | x, 405 p. |
| Other physical details | |
| Dimensions | |
| 504 ## - BIBLIOGRAPHY, ETC. NOTE | |
| Bibliography, etc. note | Includes bibliographical references. |
| 650 #0 - SUBJECT ADDED ENTRY--TOPICAL TERM | |
| Topical term or geographic name entry element | Economics, Mathematical. |
| Topical term or geographic name entry element | Natural resources. |
| 700 1# - ADDED ENTRY--PERSONAL NAME | |
| Personal name | Kneese, Allen V., |
| Relator term | joint author. |
| Withdrawn status | Lost status | Source of classification or shelving scheme | Damaged status | Not for loan | Collection code | Home library | Current library | Shelving location | Serial Enumeration / chronology | Inventory number | Total Checkouts | Full call number | Barcode | Date last seen | Price effective from | Koha item type |
|---|---|---|---|---|---|---|---|---|---|---|---|---|---|---|---|---|
| Dewey Decimal Classification | Main TEST | RTC Library | RTC Library | Main opac | 721 | 333.7 HER | 30001660 | 27/11/2018 | 27/11/2018 | Main |